000 00182nam a22000857a 4500
999 _c16287
_d16287
003 OSt
008 200721b ||||| |||| 00| 0 eng d
245 _aRape/ mustard in india
942 _cBK